01627 a2200193 45000010006000000050017000060080041000230030015000640400040000790800072001192450063001912500012002542640052002663000018003185051045003360410008013811000020013897000024014092944020260407155604.0260407a1998 arg spa dAR-UNSa-BCEJYS aAR-UNSa-BCEJYSbspacAR-UNSa-BCEJYS a336.225xMétodo de tributación y administración de impuestos 10aSujetos pasivos, liquidaciones de impuestos prescripción a2a. ed. 1aBuenos Aires :bEdiciones Nueva Técnicac1998 a80 p.c28 cm. aModulo I: Sujetos pasivo de la obligación tributaria: 1. Teoría de la relación jurídico tributaria - 2. La obligación tributaria como núcleo del estudio científico del Derecho Tributario - 3. La proyección de los efectos de la gestión administrativa sobre la obligación tributaria - Modulo II: Liquidación y percepción de impuestos: 1. Declaracón jurada presentada por los sujetos pasivos - 2. Liquidación efectuada por el fisco - 3. Percepción de impuestos - Modulo III: Domicilio y términos: I Domicilio: 1. Domicilio - 2. Clasificación - II Términos: 1. Días Hábiles - 2. Plazos en días - 3. Plazos en horas - 4. Notificación en día inhábil - 5. Formas de notificación - Modulo IV: Prescripción: 1. Concepto - 2. Clases de prescripción - 3. Plazos de prescripción de las acciones y poderes del fisco - 4. Plazo de prescripción de la acción de repetición - 5. Iniciación de la prescripción - 6. Suspensión de la prescripción - 7. Interrupción de la prescripción  aspa1 aGómez, Teresa1 aFolco, Carlos Maria